Olivia Rodrigo - Devine la chanson sans indices #19 - Statistiques

Statistiques générales
  • Ce quiz a été pris 136 fois
  • Le résultat moyen est 148 sur 218
Statistiques - réponses
Paroles % Correct
you
99%
You
99%
I
98%
a
96%
Oh,
92%
your
86%
Your
86%
the
85%
The
85%
so
82%
we
82%
was
79%
on
75%
an
74%
hope
74%
me
74%
that
74%
all
72%
All
72%
do
72%
crime
69%
favorite
69%
to
68%
And
67%
and
67%
it
67%
my
66%
were
66%
could
65%
mine
65%
bad
64%
but
64%
But
64%
Just
64%
loved
64%
did
62%
call
60%
Know
59%
know
59%
'Cause
58%
hate
58%
like
58%
things
58%
what
58%
with
58%
Yeah,
55%
Well,
54%
you're
54%
every
53%
face
53%
It's
53%
treat
51%
if
49%
let
49%
made
49%
became
48%
look
48%
say
48%
smile
48%
baby,
47%
I'd
47%
One
47%
time
47%
broke,
46%
doing
46%
heart
46%
think
46%
as
45%
honey
45%
damage
44%
about
42%
again
42%
friends
42%
going
42%
hands
42%
bloody
41%
down,
41%
everything
41%
4
40%
alibi
40%
trouble
40%
now,
39%
defended
38%
line
38%
used
38%
around
36%
crossed
36%
wonder
36%
siren
35%
sounds
35%
scene
31%
bittersweet
29%
watched
28%
accomplice,
27%
Doe
27%
fled
26%
willing
24%
eyed
22%
buried
19%
Aucun quiz correspondant
Distribution des résultats
% des personnes avec chaque résultat
Percentile par nombre de réponses
Votre historique - résultats
Vous n’avez pas pris ce quiz